000 00746nam a2200229 a 4500
001 000010393
005 20240412074217.0
008 091007t1977 dr a 001 p spa d
040 _aDO-SdBNP
_bspa
_cBNPHU
082 _aRD861.44
_bL258f
100 1 _aLandolfi, Ciriaco
_924264
245 1 0 _aFugas para pablocordio /
_cCiriaco Landolfi ; prólogo Eridania Mir.
260 _aSanto Domingo :
_bUASD,
_c1977.
_fAlfa y Omega,
300 _a81 p. :
_bil ;
_c18 cm.
490 1 _aArte y sociedad
_v7
590 _aInventariado, 2018/LP
650 0 _aPoesía dominicana
_966
650 0 _aLiteratura dominicana.
_967
700 1 _aMir, Eridania,
_epról.
_910197
830 0 _aArte y sociedad ;
_n7
_925410
910 _aValidado. Control de calidad EMS
999 _c10152
_d10152